Sam Alahi

Illinois B


Categories

Philosophy2110351457.6722
Geography010010109109.0001
Social Science010010101101.0001
Beliefs010010122122.0000
Literature - American Literature0100107474.0000
Literature - British Literature010110153153.0001
Other Science: Earth Science010010128128.0001
Current Events011059595.0000
Fine Arts - Visual Fine Arts0010-50.0000

Buzzes

PhilosophyStoicism1514
PhilosophyPhilosophical Investigations1556
Current Eventsautomotive industry-573
Literature - American LiteratureHumbert Humbert1074
Current EventsDisney1095
Social Scienceanxiety10101
PhilosophyEthics-5101
Philosophybeliefs10103
Geographyimmigrating to the United States10109
Fine Arts - Visual Fine Artsthe night sky-5117